LEADER 00894nam2-22003251i-450- 001 990000226330403321 035 $a000022633 035 $aFED01000022633 035 $a(Aleph)000022633FED01 035 $a000022633 100 $a20011111d--------km-y0itay50------ba 101 0 $aita 105 $ay-------001yy 200 1 $a1. : 116 p., 6 tav. : ill. 205 $a3. ed. 210 $aNapoli$cPresso Borel e Bompard$d1839- 215 $av.$d23 cm 461 0$1001000011239$12001$aElementi di topografia e geodesia teoretica e pratica 610 0 $aTopografia 610 0 $aGeodesia 676 $a526 700 1$aVinci,$bGaspare$f<1780-1855>$07294 801 0$aIT$bUNINA$gRICA$2UNIMARC 901 $aBK 912 $a990000226330403321 952 $a13 AR 21 B 36$b3834$fFINBC 959 $aFINBC 996 $a1. : 116 p., 6 tav. : ill$9122873 997 $aUNINA DB $aING01 LEADER 01041nam--2200325---450- 001 990003555660203316 005 20110801090648.0 010 $a978-0-271-02776-0 035 $a000355566 035 $aUSA01000355566 035 $a(ALEPH)000355566USA01 035 $a000355566 100 $a20110801d2009----km-y0itay50------ba 101 $aeng 102 $aUS 105 $aa---||||001yy 200 1 $aConstantinopolis/Istanbul$ecultural encounter, imperial vision, and the construction of the Ottoman capital$fCigdem Kafescioglu 210 $aUniversity park$cThe Pennsylvania State University Press$d2009 215 $aXXXII, 295 p.$cill.$d26 cm 606 0 $aArchitettura$yInstambul$zSec. 15.$2BNCF 676 $a720.949618 700 1$aKAFESCIOGLU,$bÇigdem$0610400 801 0$aIT$bsalbc$gISBD 912 $a990003555660203316 951 $aXII.2.A. 746$b232565 L.M.$cXII.2.A.$d00298328 959 $aBK 969 $aUMA 979 $aIANNONE$b90$c20110801$lUSA01$h0906 996 $aConstantinopolis$91117226 997 $aUNISA